[Event "Int. Meisterturnier Sindelfingen 1984"]
[Site "Sindelfingen"]
[Date "1984.10.20"]
[Round "1"]
[White "Bischoff, Klaus"]
[Black "Cladouras, Panagiotis"]
[Result "1-0"]
[WhiteElo "2415"]
[BlackElo "2295"]
[PlyCount "67"]
[EventDate "1984.??.??"]
[EventType "tourn"]

1. Nf3 Nf6 2. g3 d5 3. Bg2 c6 4. d3 Bf5 5. Nbd2 Nbd7 6. O-O e5 7. b3 Bc5 8. Bb2
Qe7 9. Nh4 Bg6 10. e4 dxe4 11. dxe4 O-O 12. Qe2 Ba3 13. Bxa3 Qxa3 14. Nc4 Qb4
15. Rfd1 b5 16. Nd6 Nc5 17. Qe3 Qa3 18. Nhf5 Ne8 19. Qc1 Qa6 20. Qg5 Nxd6 21.
Rxd6 f6 22. Qe3 Qa3 23. Rxc6 Nd7 24. Rd1 Nb6 25. Qc5 Qxa2 26. Ne7+ Kh8 27.
Nxg6+ hxg6 28. Bf1 Rad8 29. Rxd8 Rxd8 30. Qe7 Rg8 31. Bxb5 Qa1+ 32. Kg2 Qd4 33.
Bd3 Nc8 34. Qe6 1-0

[Event "Int. Meisterturnier Sindelfingen 1984"]
[Site "Sindelfingen"]
[Date "1984.10.20"]
[Round "1"]
[White "Berg, Klaus"]
[Black "Bauer, Peter"]
[Result "1-0"]
[WhiteElo "2375"]
[BlackElo "2200"]
[PlyCount "119"]
[EventDate "1984.??.??"]
[EventType "tourn"]

1. e4 c5 2. Nf3 d6 3. Nc3 g6 4. d4 cxd4 5. Qxd4 Nf6 6. e5 dxe5 7. Qxd8+ Kxd8 8.
Bc4 Nc6 9. Ng5 Na5 10. Nxf7+ Ke8 11. Nxe5 Nxc4 12. Nxc4 Be6 13. Ne5 Bg7 14. O-O
Ng4 15. Nxg4 Bxg4 16. Nd5 Rd8 17. Ne3 Be6 18. c3 Rf8 19. Re1 Kf7 20. f3 Rd6 21.
Nc2 Bf5 22. Na3 Bd3 23. Bf4 Rd5 24. Re3 Rfd8 25. Rae1 Bf6 26. Kf2 Ba6 27. Nb1
Bc4 28. a3 R8d7 29. g3 b5 30. h4 Rf5 31. Be5 Bxe5 32. Rxe5 Rxe5 33. Rxe5 Ba2
34. Re1 Bxb1 35. Rxb1 Rd2+ 36. Ke3 Rg2 37. b4 Rxg3 38. a4 bxa4 39. Ra1 Rh3 40.
Rxa4 Rxh4 41. Rxa7 Ke6 42. f4 Kd6 43. c4 g5 44. Ra6+ Kc7 45. b5 Rxf4 46. c5 Rc4
47. c6 Rc5 48. Ra7+ Kd6 49. Rd7+ Ke6 50. Rd8 Ke5 51. b6 Rc3+ 52. Kf2 Rc2+ 53.
Kg3 Rc3+ 54. Kg4 h5+ 55. Kxg5 Rxc6 56. b7 Rb6 57. b8=Q+ Rxb8 58. Rxb8 Kd4 59.
Kf4 e5+ 60. Kf3 1-0

[Event "Int. Meisterturnier Sindelfingen 1984"]
[Site "Sindelfingen"]
[Date "1984.10.20"]
[Round "1"]
[White "Pachman, Ludek"]
[Black "Sieglen, Joachim"]
[Result "1/2-1/2"]
[WhiteElo "2430"]
[BlackElo "2260"]
[PlyCount "80"]
[EventDate "1984.??.??"]
[EventType "tourn"]

1. Nf3 Nf6 2. c4 g6 3. Nc3 Bg7 4. d4 d6 5. e4 O-O 6. Be2 e5 7. O-O Nc6 8. d5
Ne7 9. b4 Nh5 10. c5 Nf4 11. Bxf4 exf4 12. Rc1 Bg4 13. Nd2 Bxe2 14. Qxe2 c6 15.
Nc4 dxc5 16. d6 cxb4 17. dxe7 Qxe7 18. Nb1 Rfd8 19. Rfd1 Rxd1+ 20. Rxd1 b5 21.
Na5 Qc7 22. Nb3 a5 23. N1d2 a4 24. Nc1 Rb8 25. Nf3 c5 26. e5 c4 27. e6 Qe7 28.
exf7+ Qxf7 29. Ng5 Qf6 30. h4 h6 31. Ne4 Qe7 32. Qf3 Rd8 33. Rxd8+ Qxd8 34. h5
g5 35. Qg4 Kh8 36. Nc5 Qd5 37. Qc8+ Kh7 38. Kh2 f3 39. Ne6 fxg2 40. Nxg7 Kxg7
1/2-1/2

[Event "Int. Meisterturnier Sindelfingen 1984"]
[Site "Sindelfingen"]
[Date "1984.10.20"]
[Round "1"]
[White "Rocher, Olivier"]
[Black "Weill, Roland"]
[Result "0-1"]
[WhiteElo "2260"]
[BlackElo "2245"]
[PlyCount "116"]
[EventDate "1984.??.??"]
[EventType "tourn"]

1. d4 Nf6 2. c4 c5 3. d5 e5 4. Nc3 d6 5. e4 Be7 6. Bd3 O-O 7. h3 Na6 8. Nf3 Nc7
9. a3 Nfe8 10. g4 Bd7 11. b4 Na6 12. Rb1 Qc8 13. Qe2 Bd8 14. Be3 Kh8 15. Nd2
Bb6 16. Nf1 g6 17. Ng3 Ng7 18. Bh6 Nc7 19. f3 cxb4 20. axb4 a5 21. b5 a4 22.
Qc2 a3 23. Ra1 Nce8 24. Bc1 f5 25. Rf1 Qd8 26. Qg2 Bc5 27. Kd1 Nf6 28. Nb1 Ra7
29. Ra2 Qe7 30. Bh6 f4 31. Ne2 Ng8 32. Bxg7+ Kxg7 33. Nc1 Rfa8 34. Nb3 Be3 35.
Na1 Qh4 36. Nc2 Bc5 37. Re1 Nf6 38. Re2 h5 39. Rd2 Kf7 40. Bf1 Nh7 41. Rd3 Ng5
42. Nd2 Ke7 43. Kc1 Rh8 44. Kb1 Qg3 45. Ra1 hxg4 46. fxg4 Qxg2 47. Bxg2 Ra4 48.
Ka2 f3 49. Bxf3 Rxh3 50. Rh1 Rxh1 51. Bxh1 Ra8 52. Bf3 Rh8 53. Nb3 Rh2 54. Bd1
Nxe4 55. Nxc5 Nxc5 56. Rxa3 Rd2 57. Rh3 Rxd1 58. Ne3 Rd2+ 0-1

[Event "Int. Meisterturnier Sindelfingen 1984"]
[Site "Sindelfingen"]
[Date "1984.10.20"]
[Round "1"]
[White "Lau, Ralf"]
[Black "Duche, Jean"]
[Result "1-0"]
[WhiteElo "2400"]
[BlackElo "2200"]
[PlyCount "130"]
[EventDate "1984.??.??"]
[EventType "tourn"]

1. e4 c5 2. Nf3 d6 3. d4 cxd4 4. Nxd4 Nf6 5. Nc3 a6 6. a4 e5 7. Nf3 Qc7 8. Bg5
Nbd7 9. Nd2 b6 10. Bc4 Bb7 11. Qe2 Be7 12. O-O O-O 13. Rfd1 h6 14. Be3 Rfc8 15.
Bb3 Nc5 16. Bxc5 Qxc5 17. Qc4 Qxc4 18. Nxc4 Rxc4 19. Bxc4 Nxe4 20. Nxe4 Bxe4
21. c3 Kf8 22. Bd5 Bxd5 23. Rxd5 Rc8 24. Rc1 Ke8 25. c4 Kd7 26. b3 Ke6 27. Kf1
f5 28. f3 Rc5 29. Rcd1 a5 30. Ke2 g5 31. R1d3 h5 32. h3 h4 33. Kd1 Bf8 34. Kc2
Be7 35. Rd1 Bf8 36. Kc3 Be7 37. b4 axb4+ 38. Kxb4 Rc8 39. Kb5 Ra8 40. Kb4 Rc8
41. Rb1 Ra8 42. Ra1 Kd7 43. a5 bxa5+ 44. Raxa5 Rxa5 45. Kxa5 Kc6 46. Rb5 Bf6
47. Kb4 Be7 48. Ra5 Kd7 49. Ra6 Ke8 50. c5 dxc5+ 51. Kc4 Kf7 52. Kd5 Bf6 53.
Ra4 e4 54. fxe4 fxe4 55. Kxc5 Ke6 56. Rxe4+ Be5 57. Kc4 Kf5 58. Kd3 Bf4 59. Ra4
Bc7 60. Ke2 Bh2 61. Kf3 Bc7 62. Rb4 Bd8 63. Rb5+ Kg6 64. Kg4 Bf6 65. Rb6 Kf7
1-0

[Event "Int. Meisterturnier Sindelfingen 1984"]
[Site "Sindelfingen"]
[Date "1984.10.20"]
[Round "1"]
[White "Ostermeyer, Peter"]
[Black "Schulz, Klaus Juergen"]
[Result "1/2-1/2"]
[WhiteElo "2470"]
[BlackElo "2365"]
[PlyCount "42"]
[EventDate "1984.??.??"]
[EventType "tourn"]

1. d4 d5 2. c4 dxc4 3. e3 Nf6 4. Bxc4 a6 5. a4 e6 6. Nf3 c5 7. O-O Nc6 8. Qe2
cxd4 9. Rd1 Be7 10. exd4 O-O 11. Nc3 Nb4 12. Bg5 Bd7 13. Ne5 Bc6 14. Nxc6 bxc6
15. a5 Nfd5 16. Bxe7 Qxe7 17. Na4 Nc7 18. Nc5 Nb5 19. Qd2 Nd5 20. g3 Rfd8 21.
Bxb5 cxb5 1/2-1/2

[Event "Int. Meisterturnier Sindelfingen 1984"]
[Site "Sindelfingen"]
[Date "1984.10.20"]
[Round "1"]
[White "Chevaldonnet, Francois"]
[Black "Gutman, Lev"]
[Result "0-1"]
[WhiteElo "2350"]
[BlackElo "2485"]
[PlyCount "72"]
[EventDate "1984.??.??"]
[EventType "tourn"]

1. e4 c5 2. Nf3 d6 3. d4 cxd4 4. Nxd4 Nf6 5. Nc3 e6 6. g3 Be7 7. Bg2 O-O 8. O-O
a6 9. a4 Nbd7 10. Qe2 Qc7 11. Kh1 Re8 12. f4 Bf8 13. g4 h6 14. h4 g6 15. Bh3 e5
16. fxe5 dxe5 17. Nb3 Bg7 18. Qf3 Nf8 19. g5 hxg5 20. hxg5 Nh5 21. Nd5 Qxc2 22.
Rf2 Qxe4 23. Bg2 Qxf3 24. Bxf3 Be6 25. Nc5 e4 26. Nxe6 exf3 27. Nxg7 Re1+ 28.
Kh2 Nxg7 29. Nf6+ Kh8 30. b4 Re2 31. Rxe2 fxe2 32. Bb2 Nh7 33. Kg2 Nxf6 34.
Bxf6 Kg8 35. Kf2 Re8 36. Re1 Nh5 0-1

[Event "Int. Meisterturnier Sindelfingen 1984"]
[Site "Sindelfingen"]
[Date "1984.10.21"]
[Round "2"]
[White "Cladouras, Panagiotis"]
[Black "Gutman, Lev"]
[Result "1/2-1/2"]
[WhiteElo "2295"]
[BlackElo "2485"]
[PlyCount "122"]
[EventDate "1984.??.??"]
[EventType "tourn"]

1. e4 c5 2. Nf3 d6 3. d4 cxd4 4. Nxd4 Nf6 5. Nc3 e6 6. g4 a6 7. Bg2 Qc7 8. g5
Nfd7 9. Be3 b5 10. f4 b4 11. Nce2 Nb6 12. O-O e5 13. Nf5 g6 14. Nh6 Bxh6 15.
gxh6 Bg4 16. h3 Nc4 17. Bc1 Qc5+ 18. Kh1 Bh5 19. Qd3 Nc6 20. Ng3 exf4 21. Nxh5
gxh5 22. Bxf4 N4e5 23. Qe2 Rg8 24. Rad1 Rg6 25. Rd5 Qc4 26. Qxc4 Nxc4 27. Rxh5
Rc8 28. h4 Nd4 29. Bh3 Rc5 30. Rxc5 dxc5 31. Bf5 Nxf5 32. exf5 Rg4 33. Re1+ Kd7
34. Bg5 Nd6 35. Re7+ Kc6 36. f6 Re4 37. Ra7 Kb6 38. Ra8 Re8 39. Rxe8 Nxe8 40.
Kg2 Kc6 41. Kf3 Kd5 42. Ke3 Nd6 43. Kd3 c4+ 44. Ke2 Ne4 45. Ke3 a5 46. Kf3 a4
47. Bc1 Kd4 48. Be3+ Ke5 49. Bf4+ Kf5 50. Ke3 Nxf6 51. Bb8 c3 52. b3 axb3 53.
axb3 Nd5+ 54. Kd4 Ke6 55. Bh2 f5 56. Bg1 Kd6 57. Bh2+ Ke6 58. Bg1 Nf6 59. Kc4
Nd5 60. Kd4 Nf6 61. Bh2 Nd5 1/2-1/2

[Event "Int. Meisterturnier Sindelfingen 1984"]
[Site "Sindelfingen"]
[Date "1984.10.21"]
[Round "2"]
[White "Schulz, Klaus Juergen"]
[Black "Chevaldonnet, Francois"]
[Result "0-1"]
[WhiteElo "2365"]
[BlackElo "2350"]
[PlyCount "70"]
[EventDate "1984.??.??"]
[EventType "tourn"]

1. e4 d5 2. exd5 Nf6 3. c4 c6 4. d4 cxd5 5. Nc3 Nc6 6. cxd5 Nxd5 7. Qb3 e6 8.
Nf3 Be7 9. Be2 O-O 10. O-O b6 11. Rd1 Na5 12. Qc2 Bb7 13. Ne5 Rc8 14. Qd3 Nxc3
15. bxc3 Qc7 16. Qh3 Qxc3 17. Bd3 f5 18. Be3 Qc7 19. Nf3 Bd5 20. Re1 Qd8 21.
Bf4 Nc4 22. Rac1 b5 23. Ne5 Nxe5 24. Bxe5 a6 25. Qg3 Rf7 26. h3 Bf8 27. a4 bxa4
28. Bxa6 Rxc1 29. Rxc1 a3 30. Rc8 Qa5 31. Rxf8+ Kxf8 32. Bd6+ Kg8 33. Bxa3 f4
34. Qd3 Ra7 35. Qb1 Ra8 0-1

[Event "Int. Meisterturnier Sindelfingen 1984"]
[Site "Sindelfingen"]
[Date "1984.10.21"]
[Round "2"]
[White "Duche, Jean"]
[Black "Ostermeyer, Peter"]
[Result "0-1"]
[WhiteElo "2200"]
[BlackElo "2470"]
[PlyCount "62"]
[EventDate "1984.??.??"]
[EventType "tourn"]

1. c4 Nf6 2. Nf3 d6 3. g3 g6 4. Bg2 Bg7 5. Nc3 Nbd7 6. O-O O-O 7. d4 e5 8. e4
exd4 9. Nxd4 Re8 10. Re1 c6 11. Nc2 Nc5 12. b4 Ng4 13. bxc5 Bxc3 14. cxd6 Bxe1
15. Nxe1 Qf6 16. Bf4 g5 17. Be3 Qh6 18. d7 Qxh2+ 19. Kf1 Nxe3+ 20. fxe3 Bxd7
21. Qxd7 Qxg3 22. Nf3 Rxe4 23. Qf5 Rg4 24. Ne1 Rd8 25. Rb1 Rd2 26. Qf3 Qxf3+
27. Bxf3 Rxc4 28. Rxb7 g4 29. Be2 Ra4 30. Nd3 Raxa2 31. Nf4 h5 0-1

[Event "Int. Meisterturnier Sindelfingen 1984"]
[Site "Sindelfingen"]
[Date "1984.10.21"]
[Round "2"]
[White "Weill, Roland"]
[Black "Lau, Ralf"]
[Result "1/2-1/2"]
[WhiteElo "2245"]
[BlackElo "2400"]
[PlyCount "45"]
[EventDate "1984.??.??"]
[EventType "tourn"]

1. d4 Nf6 2. Nf3 g6 3. e3 Bg7 4. Be2 c5 5. O-O cxd4 6. exd4 d5 7. c3 O-O 8. Bf4
Nc6 9. Nbd2 Bf5 10. Ne5 Nd7 11. Nxc6 bxc6 12. Qa4 Qb6 13. Nb3 a5 14. Rfe1 Rfc8
15. Rad1 Bf8 16. Rd2 Qa7 17. Nc1 Nb6 18. Qd1 Bg7 19. Bd3 Be6 20. Bb1 Bf6 21.
Nd3 Bf5 22. Be5 Nd7 23. Bxf6 1/2-1/2

[Event "Int. Meisterturnier Sindelfingen 1984"]
[Site "Sindelfingen"]
[Date "1984.10.21"]
[Round "2"]
[White "Sieglen, Joachim"]
[Black "Rocher, Olivier"]
[Result "1-0"]
[WhiteElo "2260"]
[BlackElo "2260"]
[PlyCount "81"]
[EventDate "1984.??.??"]
[EventType "tourn"]

1. d4 Nf6 2. c4 g6 3. Nc3 Bg7 4. e4 d6 5. Be2 O-O 6. Nf3 e5 7. O-O Nc6 8. d5
Ne7 9. Nd2 c5 10. dxc6 bxc6 11. b4 d5 12. Ba3 Re8 13. Rb1 Rb8 14. b5 d4 15. Na4
d3 16. Bf3 cxb5 17. cxb5 Be6 18. Nc5 Nc8 19. Nxe6 Rxe6 20. Rb3 a6 21. Nc4 axb5
22. Rxd3 Qc7 23. Ne3 b4 24. Bb2 h5 25. Qb3 Rc6 26. Rfd1 Ne7 27. g3 Ra6 28. Nc4
Nc6 29. R3d2 Na5 30. Nxa5 Qxa5 31. Ba1 Re8 32. Be2 Rc6 33. f3 Qa3 34. Qxa3 bxa3
35. Bb5 Rce6 36. Bxe8 Nxe8 37. Rd8 Bf8 38. Rb8 Bc5+ 39. Kg2 Kg7 40. Rd5 Bd6 41.
Rxe8 1-0

[Event "Int. Meisterturnier Sindelfingen 1984"]
[Site "Sindelfingen"]
[Date "1984.10.21"]
[Round "2"]
[White "Bischoff, Klaus"]
[Black "Berg, Klaus"]
[Result "1-0"]
[WhiteElo "2415"]
[BlackElo "2375"]
[PlyCount "41"]
[EventDate "1984.??.??"]
[EventType "tourn"]

1. Nf3 c5 2. c4 Nc6 3. Nc3 Nf6 4. e3 e6 5. d4 d5 6. a3 a6 7. dxc5 Bxc5 8. b4
Ba7 9. Bb2 dxc4 10. Qxd8+ Kxd8 11. Bxc4 b5 12. Bd3 Bb7 13. Rc1 Ke7 14. Ke2 Rac8
15. Ne4 Nxe4 16. Bxe4 f6 17. Nd2 Bb8 18. f4 h6 19. Bf3 Ba7 20. Nb3 Rc7 21. Na5
1-0

[Event "Int. Meisterturnier Sindelfingen 1984"]
[Site "Sindelfingen"]
[Date "1984.10.22"]
[Round "3"]
[White "Berg, Klaus"]
[Black "Cladouras, Panagiotis"]
[Result "1/2-1/2"]
[WhiteElo "2375"]
[BlackElo "2295"]
[PlyCount "26"]
[EventDate "1984.??.??"]
[EventType "tourn"]

1. c4 Nf6 2. Nc3 e5 3. g3 Bb4 4. Bg2 O-O 5. Nf3 d6 6. Qc2 Bd7 7. O-O Bc6 8. d3
h6 9. b3 a5 10. Bb2 Re8 11. e4 Bxc3 12. Bxc3 Nbd7 13. Nd2 Nf8 1/2-1/2

[Event "Int. Meisterturnier Sindelfingen 1984"]
[Site "Sindelfingen"]
[Date "1984.10.22"]
[Round "3"]
[White "Rocher, Olivier"]
[Black "Bauer, Peter"]
[Result "1/2-1/2"]
[WhiteElo "2260"]
[BlackElo "2200"]
[PlyCount "91"]
[EventDate "1984.??.??"]
[EventType "tourn"]

1. d4 Nf6 2. c4 g6 3. f3 c5 4. d5 b5 5. cxb5 a6 6. e4 d6 7. Nc3 Bg7 8. Bg5 O-O
9. a4 Nbd7 10. Nh3 Ne5 11. Nf2 Qa5 12. Bd2 Qd8 13. Be2 axb5 14. Nxb5 Ba6 15.
Bc3 Ned7 16. O-O Qb6 17. Bc4 Qb7 18. Nd3 Nb6 19. b3 Rfc8 20. Qd2 Bxb5 21. axb5
Nfd7 22. Bxg7 Kxg7 23. Qc3+ Kg8 24. Rfb1 Rxa1 25. Rxa1 Ra8 26. Ra5 Rxa5 27.
Qxa5 Kg7 28. Kf2 Qc7 29. Nb2 Nxd5 30. Qxc7 Nxc7 31. Na4 Na8 32. Bd5 Nab6 33.
Bc6 Kf8 34. Ke2 e6 35. Kd2 Ke7 36. Kc3 d5 37. exd5 exd5 38. Bxd7 Nxd7 39. b4
Kd6 40. b6 d4+ 41. Kc4 Ne5+ 42. Kb5 cxb4 43. Nc5 d3 44. f4 Nd7 45. Nxd3 b3 46.
Nb2 1/2-1/2

[Event "Int. Meisterturnier Sindelfingen 1984"]
[Site "Sindelfingen"]
[Date "1984.10.22"]
[Round "3"]
[White "Lau, Ralf"]
[Black "Sieglen, Joachim"]
[Result "1/2-1/2"]
[WhiteElo "2400"]
[BlackElo "2260"]
[PlyCount "81"]
[EventDate "1984.??.??"]
[EventType "tourn"]

1. e4 c6 2. d4 d5 3. Nc3 dxe4 4. Nxe4 Bf5 5. Ng3 Bg6 6. h4 h6 7. Nf3 Nd7 8. h5
Bh7 9. Bd3 Bxd3 10. Qxd3 e6 11. Bf4 Qa5+ 12. Bd2 Qc7 13. O-O-O Ngf6 14. Ne4
O-O-O 15. g3 Nc5 16. Nxc5 Bxc5 17. c4 Rhe8 18. Bc3 Bd6 19. Qe2 c5 20. Kb1 a6
21. Rc1 cxd4 22. Nxd4 Bc5 23. Nb3 Qc6 24. Rhd1 Rxd1 25. Rxd1 Rd8 26. Rxd8+ Kxd8
27. g4 Ke8 28. Nxc5 Qxc5 29. f3 Qc6 30. b3 Kf8 31. Qd3 Qc7 32. Bb4+ Kg8 33. Kb2
Nd7 34. Bc3 Qc6 35. Kc2 f6 36. Kd2 b5 37. cxb5 axb5 38. Qe4 Qd6+ 39. Qd3 Qc6
40. Bd4 Nb6 41. Bxb6 1/2-1/2

[Event "Int. Meisterturnier Sindelfingen 1984"]
[Site "Sindelfingen"]
[Date "1984.10.22"]
[Round "3"]
[White "Ostermeyer, Peter"]
[Black "Weill, Roland"]
[Result "1-0"]
[WhiteElo "2470"]
[BlackElo "2245"]
[PlyCount "77"]
[EventDate "1984.??.??"]
[EventType "tourn"]

1. d4 Nf6 2. c4 e6 3. Nf3 b6 4. a3 d5 5. cxd5 exd5 6. Nc3 Bb7 7. Bg5 Be7 8. g3
O-O 9. Bg2 Ne4 10. Bxe7 Qxe7 11. O-O Nxc3 12. bxc3 Nc6 13. Re1 Na5 14. Nd2 f5
15. e3 Rac8 16. a4 Qd7 17. h4 c5 18. Nb3 c4 19. Nd2 Rcd8 20. Ra2 Bc6 21. Qc2
Nb7 22. Nf3 Nd6 23. Ne5 Qc7 24. f4 Bb7 25. Rb1 Qe7 26. Kh2 Nc8 27. a5 Rd6 28.
axb6 axb6 29. Rb5 h6 30. Bf3 g5 31. Qg2 Rfd8 32. Nxc4 dxc4 33. Bxb7 Qxe3 34.
Rxf5 Qxc3 35. Bxc8 Rxc8 36. Ra8 Rdd8 37. Rxc8 Rxc8 38. Qd5+ Kg7 39. Qd7+ 1-0

[Event "Int. Meisterturnier Sindelfingen 1984"]
[Site "Sindelfingen"]
[Date "1984.10.22"]
[Round "3"]
[White "Chevaldonnet, Francois"]
[Black "Duche, Jean"]
[Result "1/2-1/2"]
[WhiteElo "2350"]
[BlackElo "2200"]
[PlyCount "21"]
[EventDate "1984.??.??"]
[EventType "tourn"]

1. e4 g6 2. d4 Bg7 3. Nc3 d6 4. Nf3 Nf6 5. Be2 O-O 6. O-O Bg4 7. h3 Bxf3 8.
Bxf3 Nc6 9. Be3 e5 10. d5 Ne7 11. Ne2 1/2-1/2

[Event "Int. Meisterturnier Sindelfingen 1984"]
[Site "Sindelfingen"]
[Date "1984.10.22"]
[Round "3"]
[White "Gutman, Lev"]
[Black "Schulz, Klaus Juergen"]
[Result "1-0"]
[WhiteElo "2485"]
[BlackElo "2365"]
[PlyCount "114"]
[EventDate "1984.??.??"]
[EventType "tourn"]

1. Nf3 d5 2. g3 Nf6 3. Bg2 b6 4. c4 e6 5. O-O Bb7 6. cxd5 exd5 7. d4 Be7 8. Nc3
O-O 9. Bf4 Nbd7 10. Rc1 c6 11. Qc2 Re8 12. Rfd1 Bb4 13. a3 Bxc3 14. Qxc3 Rxe2
15. Ne5 Ne4 16. Bxe4 Rxe4 17. Nxc6 Qe8 18. b4 Nf8 19. b5 Ng6 20. Bc7 Bc8 21. f3
Re3 22. Re1 Rxe1+ 23. Rxe1 Be6 24. a4 h5 25. f4 Qd7 26. Nb8 Qc8 27. f5 Rxb8 28.
fxe6 fxe6 29. Qc6 Rb7 30. Bf4 Qd7 31. Rxe6 Nxf4 32. gxf4 Rc7 33. Qxd7 Rxd7 34.
Re5 g6 35. f5 Kg7 36. fxg6 Kxg6 37. Kf2 Rc7 38. Rxd5 Rc4 39. a5 bxa5 40. Ke3 a4
41. Kd3 Rb4 42. Kc3 Rb3+ 43. Kc4 Rh3 44. Rd7 Rxh2 45. Rxa7 Rc2+ 46. Kd5 Rb2 47.
Kc6 Rc2+ 48. Kd6 Rb2 49. Kc5 Rc2+ 50. Kd5 Rb2 51. Ra6+ Kf5 52. Kc4 Rc2+ 53. Kb4
Ke4 54. Rxa4 h4 55. Ra8 h3 56. Rh8 Kxd4 57. Rxh3 Rb2+ 1-0

[Event "Int. Meisterturnier Sindelfingen 1984"]
[Site "Sindelfingen"]
[Date "1984.10.23"]
[Round "4"]
[White "Cladouras, Panagiotis"]
[Black "Schulz, Klaus Juergen"]
[Result "1/2-1/2"]
[WhiteElo "2295"]
[BlackElo "2365"]
[PlyCount "45"]
[EventDate "1984.??.??"]
[EventType "tourn"]

1. e4 c5 2. Nf3 e6 3. d4 cxd4 4. Nxd4 Nc6 5. Nxc6 bxc6 6. Bd3 d5 7. O-O Nf6 8.
Nd2 Be7 9. b3 a5 10. Bb2 a4 11. Qe2 O-O 12. Kh1 Nd7 13. exd5 cxd5 14. b4 a3 15.
Bc3 Qc7 16. Bxh7+ Kxh7 17. Qh5+ Kg8 18. Bxg7 Kxg7 19. Qg4+ Kh6 20. Qh3+ Kg6 21.
Qg4+ Kh6 22. Qh3+ Kg6 23. Qg4+ 1/2-1/2

[Event "Int. Meisterturnier Sindelfingen 1984"]
[Site "Sindelfingen"]
[Date "1984.10.23"]
[Round "4"]
[White "Duche, Jean"]
[Black "Gutman, Lev"]
[Result "0-1"]
[WhiteElo "2200"]
[BlackElo "2485"]
[PlyCount "66"]
[EventDate "1984.??.??"]
[EventType "tourn"]

1. c4 Nf6 2. Nc3 d5 3. cxd5 Nxd5 4. g3 Nxc3 5. bxc3 g6 6. Bg2 Bg7 7. Rb1 Nd7 8.
Nf3 O-O 9. O-O Nb6 10. Nd4 Rb8 11. Nb3 Bf5 12. e4 Be6 13. d4 Na4 14. Qc2 c5 15.
Rd1 cxd4 16. Nxd4 Bd7 17. Nb5 a6 18. Bf4 axb5 19. Bxb8 Nxc3 20. e5 Nxd1 21.
Rxd1 Qxb8 22. Rxd7 Qxe5 23. Bxb7 Bf6 24. Kg2 b4 25. Qe4 Qb2 26. Bd5 Rc8 27. Bb3
Rc5 28. Qxb4 Rc2 29. Qf4 Re2 30. Bc4 Re5 31. Qd2 Qb6 32. Bb3 Kg7 33. Qd4 Qc6+
0-1

[Event "Int. Meisterturnier Sindelfingen 1984"]
[Site "Sindelfingen"]
[Date "1984.10.23"]
[Round "4"]
[White "Weill, Roland"]
[Black "Chevaldonnet, Francois"]
[Result "1-0"]
[WhiteElo "2245"]
[BlackElo "2350"]
[PlyCount "87"]
[EventDate "1984.??.??"]
[EventType "tourn"]

1. e4 c5 2. Nc3 Nc6 3. f4 g6 4. Nf3 Bg7 5. Bb5 e6 6. Bxc6 bxc6 7. d3 d5 8. e5
Ne7 9. b3 O-O 10. Na4 f6 11. c4 Nf5 12. O-O Nd4 13. Nxd4 cxd4 14. Ba3 Rf7 15.
Qe2 g5 16. fxg5 fxe5 17. Rxf7 Kxf7 18. Qh5+ Kg8 19. Rf1 Bd7 20. Qf7+ Kh8 21.
Nc5 Be8 22. Qf8+ Bxf8 23. Rxf8+ Kg7 24. Nxe6+ Kg6 25. Nxd8 Rxd8 26. Be7 Rc8 27.
Bf6 dxc4 28. dxc4 Bd7 29. Rxc8 Bxc8 30. Bxe5 d3 31. Bf4 Kf5 32. Bd2 Ke4 33. Kf2
Bg4 34. h3 Bd1 35. b4 Bc2 36. g4 Bb1 37. a4 Ba2 38. b5 c5 39. h4 Bxc4 40. h5
Bf7 41. g6 hxg6 42. h6 Bg8 43. a5 Kd5 44. a6 1-0

[Event "Int. Meisterturnier Sindelfingen 1984"]
[Site "Sindelfingen"]
[Date "1984.10.23"]
[Round "4"]
[White "Sieglen, Joachim"]
[Black "Ostermeyer, Peter"]
[Result "1/2-1/2"]
[WhiteElo "2260"]
[BlackElo "2470"]
[PlyCount "41"]
[EventDate "1984.??.??"]
[EventType "tourn"]

1. d4 Nf6 2. c4 e6 3. Nc3 Bb4 4. e3 c5 5. Nge2 d5 6. a3 Bxc3+ 7. Nxc3 cxd4 8.
exd4 dxc4 9. Bxc4 Nc6 10. Be3 O-O 11. O-O h6 12. Qd3 b6 13. Rad1 Bb7 14. Ba2
Ne7 15. Bf4 Ng6 16. Bg3 Qd7 17. Rfe1 Rfe8 18. Be5 Nd5 19. Nxd5 Bxd5 20. Bb1
Rac8 21. Qg3 1/2-1/2

[Event "Int. Meisterturnier Sindelfingen 1984"]
[Site "Sindelfingen"]
[Date "1984.10.23"]
[Round "4"]
[White "Bauer, Peter"]
[Black "Lau, Ralf"]
[Result "1/2-1/2"]
[WhiteElo "2200"]
[BlackElo "2400"]
[PlyCount "62"]
[EventDate "1984.??.??"]
[EventType "tourn"]

1. e4 c5 2. Nf3 e6 3. d4 cxd4 4. Nxd4 Nc6 5. Nc3 d6 6. Be3 Nf6 7. Bc4 a6 8. Qe2
Qc7 9. O-O-O Na5 10. Bd3 b5 11. a3 Be7 12. Bg5 Bd7 13. f4 Rc8 14. Bxf6 gxf6 15.
Rhe1 Qc5 16. Nf5 Nc6 17. e5 exf5 18. exf6 Be6 19. fxe7 h5 20. Qf3 Nxe7 21. Qb7
Rc6 22. Qa8+ Nc8 23. Bxf5 O-O 24. Bxe6 fxe6 25. Rxe6 Rxf4 26. Qb7 Rf7 27. Re8+
Kg7 28. Qb8 Qf5 29. Kb1 Rfc7 30. a4 Qd7 31. Rde1 Rb7 1/2-1/2

[Event "Int. Meisterturnier Sindelfingen 1984"]
[Site "Sindelfingen"]
[Date "1984.10.23"]
[Round "4"]
[White "Bischoff, Klaus"]
[Black "Rocher, Olivier"]
[Result "1-0"]
[WhiteElo "2415"]
[BlackElo "2260"]
[PlyCount "129"]
[EventDate "1984.??.??"]
[EventType "tourn"]

1. e4 Nf6 2. e5 Nd5 3. d4 d6 4. Nf3 Bg4 5. Be2 e6 6. c4 Nb6 7. O-O Be7 8. h3
Bh5 9. exd6 cxd6 10. Nbd2 O-O 11. b4 Nc6 12. a3 Bg6 13. Bb2 a6 14. Re1 Re8 15.
Nf1 Bf8 16. Ne3 d5 17. c5 Nd7 18. Rc1 f6 19. Bc3 Bf7 20. Qb3 b6 21. Rcd1 Qb8
22. Qc2 Rc8 23. Bd3 g6 24. Ng4 f5 25. Ne3 Bg7 26. Nf1 Bf6 27. N1d2 Qf4 28. Nb3
Qh6 29. cxb6 Nxb6 30. Nc5 Nd8 31. Ne5 Bxe5 32. Rxe5 Rc6 33. Ree1 Nc8 34. Qe2
Nd6 35. f3 Nb5 36. Bb2 Nc7 37. Nd7 Qg7 38. Ne5 Rb6 39. Rc1 Rb7 40. Rc5 Be8 41.
Rec1 Bb5 42. Qc2 Ne8 43. Rc8 Rbb8 44. Rxb8 Rxb8 45. Qc5 Qb7 46. Rc3 Nf6 47. Bc1
Nd7 48. Nxd7 Qxd7 49. Bf4 Rb7 50. Bf1 Kf7 51. Qc8 Bxf1 52. Kxf1 Qb5+ 53. Kf2
Rd7 54. Rc7 Rxc7 55. Qxc7+ Ke8 56. Bg5 Qd7 57. Bxd8 Qxd8 58. Qxd8+ Kxd8 59. Ke3
Kc7 60. Kf4 Kd6 61. h4 h6 62. a4 e5+ 63. dxe5+ Ke6 64. Ke3 Kxe5 65. f4+ 1-0

[Event "Int. Meisterturnier Sindelfingen 1984"]
[Site "Sindelfingen"]
[Date "1984.10.23"]
[Round "4"]
[White "Berg, Klaus"]
[Black "Pachman, Ludek"]
[Result "1/2-1/2"]
[WhiteElo "2375"]
[BlackElo "2430"]
[PlyCount "24"]
[EventDate "1984.??.??"]
[EventType "tourn"]

1. Nf3 d5 2. c4 c6 3. e3 Nf6 4. Nc3 e6 5. b3 Nbd7 6. Bb2 Bd6 7. Be2 O-O 8. O-O
Qe7 9. d4 Ne4 10. Nxe4 dxe4 11. Ne5 f6 12. Nxd7 Bxd7 1/2-1/2

[Event "Int. Meisterturnier Sindelfingen 1984"]
[Site "Sindelfingen"]
[Date "1984.10.24"]
[Round "5"]
[White "Pachman, Ludek"]
[Black "Cladouras, Panagiotis"]
[Result "1-0"]
[WhiteElo "2430"]
[BlackElo "2295"]
[PlyCount "121"]
[EventDate "1984.??.??"]
[EventType "tourn"]

1. Nf3 Nf6 2. c4 e6 3. Nc3 d5 4. d4 Be7 5. Bg5 O-O 6. Rc1 Nbd7 7. e3 c6 8. Bd3
dxc4 9. Bxc4 b6 10. O-O Bb7 11. Qe2 Nd5 12. Bxe7 Qxe7 13. Ba6 Bxa6 14. Qxa6
Nxc3 15. Rxc3 c5 16. Rfc1 cxd4 17. Nxd4 Nc5 18. Qb5 Qf6 19. b4 Ne4 20. R3c2
Rad8 21. Qe2 Rd7 22. Nc6 g6 23. a4 Kg7 24. f3 Nd6 25. Rd2 e5 26. Rcd1 Re8 27.
b5 Re6 28. Rd5 Rc7 29. e4 Nc8 30. Nd8 Rd6 31. Rxd6 Nxd6 32. Nc6 Qe6 33. Rd5 f6
34. Qd2 Nf7 35. h3 Qe8 36. a5 Qe6 37. Kh2 Rb7 38. axb6 axb6 39. Qe3 Qe8 40. Qd3
Qe6 41. Kg1 Qe8 42. h4 Qa8 43. Kh2 Qa1 44. Qd2 Qf1 45. Kg3 Qh1 46. Qd1 Qxd1 47.
Rxd1 Kf8 48. Nd8 Nxd8 49. Rxd8+ Ke7 50. Rc8 Kf7 51. Rc6 Kg7 52. Kf2 Kf7 53. Ke2
Ke7 54. Rc8 Kd7 55. Rc6 Ke7 56. Ke3 h6 57. Ke2 Rb8 58. Rc7+ Kd6 59. Rf7 Ke6 60.
Rg7 g5 61. h5 1-0